¡Ya soy hermana mayor! / (Record no. 128509)

MARC details
000 -CABECERA
campo de control de longitud fija 00671nam a2200205 u 4500
005 - FECHA Y HORA DE LA ÚLTIMA TRANSACCIÓN
campo de control 20240514063717.0
008 - ELEMENTOS DE LONGITUD FIJA--INFORMACIÓN GENERAL
campo de control de longitud fija 080527s2006 es r 000 0 spa d
020 ## - NÚMERO INTERNACIONAL NORMALIZADO PARA LIBROS
Número Internacional Estándar del Libro 1405464925
035 ## - NÚMERO DE CONTROL DEL SISTEMA
Número de control de sistema UPN01000156395
049 ## - COLECCIÓN
Colección I
050 #4 - SIGNATURA TOPOGRÁFICA DE LA BIBLIOTECA DEL CONGRESO
Número de clasificación PZ71
Número de documento/Ítem R3.9
100 1# - ASIENTO PRINCIPAL--NOMBRE PERSONAL
Nombre de persona Randall, Ronne
245 11 - MENCIÓN DE TÍTULO
Título ¡Ya soy hermana mayor! /
Mención de responsabilidad, etc. Ronne Randall ; il. Kristina Stephenson ; tr. Xavier Sales Roselló
260 ## - PUBLICACIÓN, DISTRIBUCIÓN, ETC.
Lugar de publicación, distribución, etc. Barcelona, Esp. :
Nombre del editor, distribuidor, etc. Parragon,
Fecha de publicación, distribución, etc. 2006.
300 ## - DESCRIPCIÓN FÍSICA
Extensión [25] p. :
Otras características físicas principalmente il. col.
650 #4 - ASIENTO SECUNDARIO DE MATERIA - TERMINO TEMATICO
Término de materia o nombre geográfico como elemento de entrada Libros y lectura para niños
9 (RLIN) 2290
650 #4 - ASIENTO SECUNDARIO DE MATERIA - TERMINO TEMATICO
Término de materia o nombre geográfico como elemento de entrada Hermanos y hermanas
Subdivisión de forma Literatura infantil
9 (RLIN) 8964
700 1# - ASIENTO SECUNDARIO--NOMBRE DE PERSONAL
Nombre de persona Stephenson, Kristina,
Término indicativo de función/relación il.
905 ## - TIPO DE MATERIAL
Tipo de material Infantil
Holdings
Estado de retiro Estado de pérdida Fuente del sistema de clasificación o colocación Estado dañado No para préstamo Código de colección Localización permanente Ubicación/localización actual Ubicación en estantería Fecha de adquisición Clasificación Código de barras Fecha visto por última vez Número de copia Tipo de ítem Koha Total de préstamos Fecha del último préstamo
    Library of Congress Classification     Infantil Bib. Gregorio Torres Quintero Bib. Gregorio Torres Quintero Sala infantil Planta baja 10/05/2023 PZ71 R3.9 316409 31/12/2020 1 Libro    
    Library of Congress Classification     Infantil Bib. Gregorio Torres Quintero Bib. Gregorio Torres Quintero Sala infantil Planta baja 24/04/2023 PZ71 R3.9 259111 11/05/2023 1 Libro 22 24/04/2023